A study manual for criminal procedure and practice in Ghana. / (Record no. 9836)

MARC details
000 -LEADER
fixed length control field 01284cam a2200277 i 4500
001 - CONTROL NUMBER
control field 20978980
003 - CONTROL NUMBER IDENTIFIER
control field OSt
005 - DATE AND TIME OF LATEST TRANSACTION
control field 20230623154229.0
008 - FIXED-LENGTH DATA ELEMENTS--GENERAL INFORMATION
fixed length control field 190518s2018 gh b 001 0 eng
010 ## - LIBRARY OF CONGRESS CONTROL NUMBER
LC control number 2018339996
020 ## - INTERNATIONAL STANDARD BOOK NUMBER
International Standard Book Number 9789988300814
040 ## - CATALOGING SOURCE
Original cataloging agency DLC
Language of cataloging eng
Description conventions rda
Transcribing agency DLC
Modifying agency DLC
042 ## - AUTHENTICATION CODE
Authentication code lcode
-- pcc
043 ## - GEOGRAPHIC AREA CODE
Geographic area code f-gh---
050 00 - LIBRARY OF CONGRESS CALL NUMBER
Classification number KRX4610.O97
100 1# - MAIN ENTRY--PERSONAL NAME
Personal name Owusu, Kwadwo
9 (RLIN) 1864
245 10 - TITLE STATEMENT
Title A study manual for criminal procedure and practice in Ghana. /
Statement of responsibility, etc. Kwadwo Owusu.
264 #1 - PRODUCTION, PUBLICATION, DISTRIBUTION, MANUFACTURE, AND COPYRIGHT NOTICE
Place of production, publication, distribution, manufacture Accra, Ghana :
Name of producer, publisher, distributor, manufacturer Kwadwo Owusu,
Date of production, publication, distribution, manufacture, or copyright notice 2019.
300 ## - PHYSICAL DESCRIPTION
Extent x, 304 p. ;
Dimensions 20 cm
336 ## - CONTENT TYPE
Content type term text
Content type code txt
Source rdacontent
337 ## - MEDIA TYPE
Media type term unmediated
Media type code n
Source rdamedia
338 ## - CARRIER TYPE
Carrier type term volume
Carrier type code nc
Source rdacarrier
505 ## - FORMATTED CONTENTS NOTE
Formatted contents note Contents: General introduction -- Underlying principles, concepts, and practices -- Provisions of the Criminal Procedure Code, 1960, Act 30 -- Provisions relating to criminal proceedings -- Summary trial -- Committal for trial for indictable offence -- Trial on indictment -- Punishments -- Proceedings after trial -- Appeals -- Procedure in juvenile -- Probation and discharge of offenders -- Industrial schools and borstal institutions -- Release and supervision of convicts -- Supplementary provisions --
650 #0 - SUBJECT ADDED ENTRY--TOPICAL TERM
Topical term or geographic name entry element Criminal procedure
Geographic subdivision Ghana.
9 (RLIN) 1817
942 ## - ADDED ENTRY ELEMENTS (KOHA)
Source of classification or shelving scheme Library of Congress Classification
Koha item type Books
Holdings
Withdrawn status Lost status Source of classification or shelving scheme Damaged status Not for loan Home library Current library Shelving location Date acquired Total Checkouts Full call number Barcode Date last seen Copy number Price effective from Koha item type
    Library of Congress Classification     WISCONSIN INTERNATIONAL UNIVERSITY COLLEGE, GHANA - MAIN LIBRARY WISCONSIN INTERNATIONAL UNIVERSITY COLLEGE, GHANA - MAIN LIBRARY Law Library 03/08/2023   KRX4610.O97 3144/304/23 03/08/2023 1 03/08/2023 Books
    Library of Congress Classification     WISCONSIN INTERNATIONAL UNIVERSITY COLLEGE, GHANA - MAIN LIBRARY WISCONSIN INTERNATIONAL UNIVERSITY COLLEGE, GHANA - MAIN LIBRARY Law Library 03/08/2023   KRX4610.O971 3145/305/23 03/08/2023 2 03/08/2023 Books
    Library of Congress Classification     WISCONSIN INTERNATIONAL UNIVERSITY COLLEGE, GHANA - MAIN LIBRARY WISCONSIN INTERNATIONAL UNIVERSITY COLLEGE, GHANA - MAIN LIBRARY Law Library 03/08/2023   KRX4610.O972 3146/306/23 03/08/2023 3 03/08/2023 Books
    Library of Congress Classification     WISCONSIN INTERNATIONAL UNIVERSITY COLLEGE, GHANA KUMASI LIBRARY WISCONSIN INTERNATIONAL UNIVERSITY COLLEGE, GHANA KUMASI LIBRARY Law Library 01/06/2023   KRX4610.O97 KSL/2044/247/23 23/06/2023 1 23/06/2023 Books
    Library of Congress Classification     WISCONSIN INTERNATIONAL UNIVERSITY COLLEGE, GHANA KUMASI LIBRARY WISCONSIN INTERNATIONAL UNIVERSITY COLLEGE, GHANA KUMASI LIBRARY Law Library 01/06/2023   KRX4610.O971 KSL/2045/248/23 23/06/2023 2 23/06/2023 Books
    Library of Congress Classification     WISCONSIN INTERNATIONAL UNIVERSITY COLLEGE, GHANA KUMASI LIBRARY WISCONSIN INTERNATIONAL UNIVERSITY COLLEGE, GHANA KUMASI LIBRARY Law Library 01/06/2023   KRX4610.O972 KSL/2046/249/23 23/06/2023 3 23/06/2023 Books
    Library of Congress Classification     WISCONSIN INTERNATIONAL UNIVERSITY COLLEGE, GHANA KUMASI LIBRARY WISCONSIN INTERNATIONAL UNIVERSITY COLLEGE, GHANA KUMASI LIBRARY Law Library 01/06/2023   KRX4610.O973 KSL/2047/250/23 23/06/2023 4 23/06/2023 Books

If you have any concerns or questions; kindly contact the library


© Powered by WIUC ICT DIRECTORATE